| 000 | 00778nam a2200277Ia 4500 | ||
|---|---|---|---|
| 003 | OSt | ||
| 005 | 20220912152525.0 | ||
| 006 | a|||||r|||| 00| 0 | ||
| 007 | ta | ||
| 008 | 220909b |||||||| |||| 00| 0 eng d | ||
| 024 | _a43726 | ||
| 037 | _cTextual | ||
| 040 |
_aCSL _beng _cCSL |
||
| 041 | _aeng | ||
| 082 | _aD65,8(B)92, M7 | ||
| 100 | _aParker Yakup Ed. | ||
| 245 | 0 | _aDIstributed operating systems: Theory and practice | |
| 260 | _c1987 | ||
| 300 |
_ap. _ccm. |
||
| 650 | _a Computer program language | ||
| 650 | _aComputer science | ||
| 700 | _a Banatre Jean-pierre Ed. | ||
| 700 | _a Bozyigit Muslim Ed. | ||
| 942 |
_hD65,8(B)92, M7 _cTEXL _2CC |
||
| 999 |
_c87750 _d87750 |
||